La conquista de América y el descubrimiento del moderno derecho internacional
Kaydedildi:
| Asıl Yazarlar: | , , , , , , |
|---|---|
| Diğer Yazarlar: | , |
| Materyal Türü: | Kitap |
| Dil: | İspanyolca |
| Baskı/Yayın Bilgisi: |
Buenos Aires
Guillermo Kraft
1951
|
| Seri Bilgileri: | Publicaciones de la Fundación Vitoria y Suárez
|
| Konular: | |
| Etiketler: |
Etiketle
Etiket eklenmemiş, İlk siz ekleyin!
|
MARC
| LEADER | 00000nam a2200000 a 4500 | ||
|---|---|---|---|
| 001 | UCR0162 | ||
| 003 | CL-VaPUC | ||
| 008 | 971129e19510000AG |||||||||||||||||spa|d | ||
| 082 | 0 | 4 | |a 980.013 |b DEL |2 21 |
| 100 | 0 | |a Dell'Oro Maini, Atilio |e author |9 395695 | |
| 700 | |a Derisi, Octavio Nicolás |e autor |9 378207 | ||
| 700 | |a Gómez Arboleya, Enrique |e author |9 395697 | ||
| 700 | 0 | |a González, Rubén |e author |9 395698 | |
| 700 | |a Legón, Faustino J |e author |9 405104 | ||
| 700 | |a Luna García, Antonio de |e autor |9 395700 | ||
| 700 | 0 | |a Medrano, Samuel W |e author |9 395701 | |
| 700 | 0 | |a Ruiz Moreno, Isidoro |e author |9 395702 | |
| 700 | 0 | |a Torre Revello, José |e author |9 395703 | |
| 245 | 1 | 3 | |a La conquista de América y el descubrimiento del moderno derecho internacional |
| 246 | 1 | 0 | |a Estudios sobre las ideas de Francisco de Vitoria |
| 300 | |a 109 p | ||
| 942 | |c BK | ||
| 945 | |d 19971129 00:00:00 |a cmena | ||
| 260 | |a Buenos Aires |b Guillermo Kraft |c 1951 | ||
| 650 | 0 | |a Historia americana |9 353864 | |
| 650 | 0 | |a Descubrimientos geográficos |9 331933 | |
| 650 | 0 | |a Derecho internacional |9 255637 | |
| 650 | 0 | |a Estado y derecho |9 255403 | |
| 650 | 0 | |a Filosofía del derecho |9 255050 | |
| 650 | 0 | |a Doctrinas políticas |9 255835 | |
| 650 | 0 | |a Soberanía |9 266726 | |
| 650 | 0 | |a Ética |9 255099 | |
| 650 | 0 | |a Historia Argentina |9 268065 | |
| 583 | |a last modification |c 19971129 00:00:00 |k Rodrigo Vera | ||
| 490 | 0 | |a Publicaciones de la Fundación Vitoria y Suárez | |
| 999 | |c 263813 |d 263811 | ||
| 952 | |0 0 |1 0 |4 0 |6 980_013000000000000_DEL_1951 |7 0 |8 DER_HDC |9 293291 |a BIBDER |b BIBDER |d 2019-11-19 |i 1907913 |o 980.013 DEL 1951 |p 1907913 |r 2023-01-25 |w 2019-11-19 |x Ubicación 4to Piso |y BK |z Estos recursos deben solicitarse con anticipación |k DER | ||
| 952 | |0 0 |1 0 |4 0 |6 980_013000000000000_DEL_1951 |7 0 |8 A |9 293292 |a BIBHIS |b BIBHIS |d 2019-11-19 |i 1258354 |o 980.013 DEL 1951 |p 1258354 |r 2025-01-20 |w 2019-11-19 |y BK |k HIS | ||